00530 2200169 4500245003600000020001800036250001100054100001500065650002600080005001900106260004200125041001400167084001100181500011700192490004200309336000900351 aCommunicationcNurhasanahhText a0-8094-5700-8 aCet. 1 aNurhasanah aEnsiklopedia Komputer a20231031132202 bEnsiklopedia Nasional Indonesiac2012 aIndonesia a004.03 aDaftar Isi : Secercah Harapan dari Koneksi Elektronik, Memperluas Cakrawala Melalui Jaringan, Glosarium, Indeks. aSeri Informasi Komputer dan Teknologi atext